Fujara

Bibliographic Details
Main Author: Mešša, Martin, 1949- (Author)
Format: Article
Language:Slovak
PhysicalDescription:Fotogr.
ISSN:1335-7883
Subjects:

MARC

LEADER 00000nab a2200000 ar4500
001 vtls008998625
003 SK-MaSNL
005 20260303173246.0
008 070615c2007 xo sr|p|||||||000 b|slo
015 |a SNBRB2007/06  |2 snkbucl 
038 |a SNKBUCL 
040 |a SNKBUCL  |b slo  |c SNKBUCL  |e AACR2 
041 0 |a slo 
044 |a xo  |c SK 
080 |a 7.067.26  |x (437.6)  |2 2001 
080 |a 681.818.5/.8  |2 2001 
100 1 |a Mešša, Martin,  |d 1949-  |4 aut 
245 1 0 |a Fujara  |c Martin Mešša 
300 |b Fotogr. 
650 0 7 |a fujara  |2 snkbucl  |9 240310 
650 0 7 |a ľudová výroba  |2 snkbucl  |9 71055 
650 0 7 |a ľudové rezbárstvo  |2 snkbucl  |9 31788 
773 0 |t Verejná správa  |g Roč. 62, č. 12 (2007), s. 32  |x 1335-7883 
852 |a SNK  |b KIS3GCP 
999 |c 2091767  |d 2093697